Statistics for Classic actresses and their most famous movie characters / Actrices de l'âge d'or d'Hollywood et leurs rôles les plus célèbres

Click here to take the quiz!

General Stats

  • This quiz has been taken 108 times
  • The average score is 8 of 15

Answer Stats

CharactersActress% Correct
Scarlett O'Hara, Blanche DuboisVivien Leigh
90%
Martha, Catherine Holly, CleopatraElizabeth Taylor
89%
Holly Golightly, Regina Lampert, Sabrina FairchildAudrey Hepburn
80%
Ilsa Lund, Dr. Constance Petersen, Joan of ArcIngrid Bergman
68%
Crystal Allen, Daisy Kenyon, Mildred PierceJoan Crawford
62%
Mata Hari, Grusinskaya, Anna Karenina, Queen ChristinaGreta Garbo
53%
Maid Marian, Melanie Hamilton, Catherine SloperOlivia de Havilland
52%
Margo Channing, Judith Traherne, Jane HudsonBette Davis
49%
Rose Sayer, Tracy Lord, Mrs. Violet Venable, Sylvia ScarlettKatharine Hepburn
44%
Elsa Bannister, Sadie Thompson, Gilda Mundson FarrellRita Hayworth
43%
Lola Lola, Frenchy, Shanghai LilyMarlene Dietrich
39%
Madeleine Elster, Judy Barton, Madge OwensKim Novak
25%
Laura Hunt, Lucy Muir, Ellen Berent HarlandGene Tierney
23%
Maxine Faulk, Pandora Reynolds, Maria VargasAva Gardner
22%
Saunders, Alice Sycamore, Phoebe FrostJean Arthur
15%

Score Distribution

Percentile by Number Answered

Percent of People with Each Score

Your Score History

You have not taken this quiz